| 000 | 01017nas a2200301 4500 | ||
|---|---|---|---|
| 001 | BR8303657 | ||
| 003 | BR-BrBNA | ||
| 005 | 20231205085617.0 | ||
| 007 | ta | ||
| 008 | 230509b bl.|||p| |||| 00| 00por d | ||
| 040 |
_aBR-BrBNA _bpor _cBiblioteca Nacional de Agricultura |
||
| 041 | _a(Pt) | ||
| 072 | _aK20; K10 | ||
| 100 | 1 | _aCampos, W. de O. | |
| 100 | 1 | _aCapitani, L.R. | |
| 100 | 1 | _aSpeltz, G.E. | |
| 100 | 1 | _aDissman, W. | |
| 100 | 1 | _aNeves, M. de A. | |
| 111 | 1 |
_a4. Congresso Florestal Brasileiro _cBelo Horizonte, MG (Brazil) _d10-15 May 1982 |
|
| 245 | 1 | _aAspectos dendrometricos e de aproveitamento de madeira, no corte e em serrarias, em primeiro desbaste de Pinus tropicais [pinheiro, Sacramento, Minas Gerais, Brasil] | |
| 650 | _aPINHEIRO | ||
| 650 | _aDENDROMETRIA | ||
| 650 | _aMADEIRA | ||
| 650 | _aDESBASTE | ||
| 773 | 0 |
_tSilvicultura (Brazil) _xISSN 0100-3615 _g(Jan-Feb 1983), v. 8(28) p. 556-561 _wBR8303657 |
|
| 909 |
_a202311 _bLúcia _c55 _dLúcia Elande |
||
| 942 |
_2AGRIS _n0 _cANA |
||
| 999 |
_c112529 _d112529 |
||